000 00508ntaaa2200193 4500
003 01
005 20251027201943.0
008 0714s1973 ag 01
040 _aAR-BaBN
_bspa
_cAR-BaBN
_eaacr
_dRIC
082 _a248.0000 G76c5
100 _aGraham, Billy
_9740
245 _aConversando con los jovencitos
250 _a5 ed.
260 _aBuenos Aires :
_bJunta Bautista de Publicaciones,
_c1976
300 _a48 p.
650 _aVida Cristiana
650 _aJóvenes-Vida Cristiana
_95243
942 _cBK
999 _c14288
_d14288